| 000 | 00904nam a22002297a 4500 | ||
|---|---|---|---|
| 999 |
_c16535 _d16535 |
||
| 003 | AR-CdUCM | ||
| 008 | 190503b ||||| |||| 00| 0 spa d | ||
| 040 |
_aMUNICIPALIDAD PROVINCIAL DEL CUSCO _cBIBLIOTECA MUNICIPAL DEL CUSCO |
||
| 082 |
_a379 / _bV16 |
||
| 100 |
_aVaizey, John _936028 |
||
| 245 | _aLa educación en el mundo moderno / | ||
| 260 |
_aMadrid : _bGuadarrama, _c1967. |
||
| 300 |
_a252 paginas ; _bIlustraciones, _c20 cm. |
||
| 500 | _aTitulo original : Education in the modern world | ||
| 505 | _aContenido : La revolución y sus raíces -- La educación en la actualidad -- Educación y desarrollo económico -- La educación en las sociedades pobres... | ||
| 650 |
_aLa educación _99598 |
||
| 650 |
_aPolítica docente _936029 |
||
| 650 |
_aDesigualdad social _936030 |
||
| 700 |
_aCardenal, Carlos Benito (Traducción) _936031 |
||
| 942 |
_2ddc _cLIBROS |
||
| 945 |
_awnts _d2019-05-3 |
||